Language Quiz

Random Language or Country Quiz

Official Languages of the Mediterranean Quiz Stats

 Plays Quiz Updated Sep 12, 2017

Challenge
Share
Tweet
Embed
Score 0/16 Timer 03:00
2 Plays Today
Language % Correct
Italian
96.6%
Spanish
96.1%
French
95.7%
Greek
94.7%
Arabic
87.2%
Turkish
84.2%
English
74.5%
Croatian
68.7%
Language % Correct
Hebrew
66.1%
Albanian
62.8%
Serbian
57.8%
Bosnian
41.4%
Maltese
39%
Slovenian
18.3%
Montenegrin
16.9%
Tamazight (a Berber language)
10.6%

You're not logged in!

Compare scores with friends on all Sporcle quizzes.
OR
Log In

You Might Also Like...

Show Comments

Extras

Top Quizzes Today


Score Distribution

Your Account Isn't Verified!

In order to create a playlist on Sporcle, you need to verify the email address you used during registration. Go to your Sporcle Settings to finish the process.

Report this User

Report this user for behavior that violates our Community Guidelines.

Details: